A review of social interventions for students with learning disabilities (Record no. 61669)

MARC details
000 -CABECERA
campo de control de longitud fija 00665nam a2200229 a 4500
005 - FECHA Y HORA DE LA ÚLTIMA TRANSACCIÓN
campo de control 20210219152824.0
008 - ELEMENTOS DE LONGITUD FIJA--INFORMACIÓN GENERAL
campo de control de longitud fija 991125n 000 0 eng u
035 ## - NÚMERO DE CONTROL DEL SISTEMA
Número de control de sistema UPN01000062346
100 ## - ASIENTO PRINCIPAL--NOMBRE PERSONAL
Nombre de persona McIntosh, Ruth
222 ## - TÍTULO CLAVE
Título clave JOURNAL OF LEARNING DISABILITIES
245 ## - MENCIÓN DE TÍTULO
Título A review of social interventions for students with learning disabilities
300 ## - DESCRIPCIÓN FÍSICA
Extensión 451-458
362 ## - FECHAS DE PUBLICACIÓN Y/O DESIGNACIÓN SECUENCIAL
Fecha de publicación y/o designación secuencial 1991 24, no. 8
653 0# - TERMINO DE INDIZACION - NO CONTROLADO
Término no controlado CAPACIDAD INTERPERSONAL
653 0# - TERMINO DE INDIZACION - NO CONTROLADO
Término no controlado DESARROLLO SOCIAL
653 0# - TERMINO DE INDIZACION - NO CONTROLADO
Término no controlado EFICACIA DE LA ENSE\197ANZA
653 0# - TERMINO DE INDIZACION - NO CONTROLADO
Término no controlado PROBLEMAS DE APRENDIZAJE
700 ## - ASIENTO SECUNDARIO--NOMBRE DE PERSONAL
Nombre de persona Vaughn, Sharon
700 ## - ASIENTO SECUNDARIO--NOMBRE DE PERSONAL
Nombre de persona Zaragoza, Nina
904 ## - ELEMENTOS DE DATOS D LOCAL, LDD (RLIN)
a AC
b 000157
905 ## - TIPO DE MATERIAL
Tipo de material Articulo

No items available.